Statistics for Largest Cities in the World if all the Ice Melts on a Map

Click here to take the quiz!

General Stats

  • This quiz has been taken 20,513 times
    (18,402 since last reset)
  • The average score is 27 of 50

Answers on the Map

Answers color-coded by a green-red scale on the quiz's map according to % correct below.
 

Answer Stats

PopulationElevationAnswer% Correct
6,800,000663mMadrid
94%
24,700,0002228mMexico City
94%
17,400,000152mMoscow
91%
32,400,000215mDelhi
88%
9,850,000179mChicago
87%
9,980,00092mLos Angeles
87%
8,520,00059mIstanbul
84%
11,000,000140mLima
82%
6,150,000130mMilan
81%
8,000,000573mSantiago
81%
10,000,0002553mBogota
79%
22,700,000769mSao Paulo
79%
5,250,000870mAnkara
78%
7,350,000137mDallas
78%
7,650,00091mToronto
78%
14,500,0001753mJohannesburg
76%
5,850,000181mDetroit
74%
15,800,0001168mTehran
74%
6,000,000308mAtlanta
73%
8,800,000597mRiyadh
73%
14,500,000277mKinshasa
67%
4,725,000331mPhoenix
67%
6,300,0001689mNairobi
66%
22,170,00022mGuangzhou
61%
5,650,0001548mGuadalajara
57%
5,700,000822mAmman
55%
4,150,0001473mMedellin
54%
6,650,000383mKhartoum
52%
11,600,000379mXi'an
50%
13,200,000921mBangalore
49%
5,750,000538mMonterrey
46%
10,700,000513mHyderabad
45%
13,900,000214mLahore
44%
5,100,000859mBelo Horizonte
37%
15,200,000500mChengdu
37%
4,625,0001803mKabul
37%
10,100,000222mChongqing
33%
5,000,000487mKano
30%
7,350,000547mPune
26%
5,300,000118mHarbin
25%
6,850,000689mBandung
21%
4,175,000442mJaipur
20%
7,690,00061mChangsha
14%
6,000,0001932mKunming
14%
8,950,000108mZhengzhou
13%
4,850,00076mNanning
11%
4,275,0003mNingbo
7%
4,375,000213mChangchun
6%
5,550,000789mTaiyuan
5%
4,625,0001064mGuiyang
4%

Score Distribution

Percentile by Number Answered

Percent of People with Each Score

Your Score History

You have not taken this quiz since the last reset